Strategické řízení podniků
Fázy strategického riadenia. Vlastnícka (podnikateľská) stratégia. Podniková (korporátna) stratégia. Manažérska (funkčná) stratégia. Strategický plán. Tvorba strategického plánu. Príklady manažérskych strategických cieľov.
Enregistré dans:
| Auteur principal: | |
|---|---|
| Format: | Chapitre de livre |
| Langue: | tchèque |
| Sujets: | |
| Tags: |
Pas de tags, Soyez le premier à ajouter un tag!
|
MARC
| LEADER | 00000naa a2200000 4500 | ||
|---|---|---|---|
| 001 | 0126251 | ||
| 005 | 20231129102456.7 | ||
| 041 | 0 | |a cze | |
| 044 | |a CZ | ||
| 245 | 1 | 0 | |a Strategické řízení podniků |c Karel Havlíček |
| 520 | |a Fázy strategického riadenia. Vlastnícka (podnikateľská) stratégia. Podniková (korporátna) stratégia. Manažérska (funkčná) stratégia. Strategický plán. Tvorba strategického plánu. Príklady manažérskych strategických cieľov. | ||
| 610 | 2 | 0 | |a riadenie strategické |
| 610 | 2 | 0 | |a riadenie podnikové |
| 610 | 2 | 0 | |a plán strategický |
| 610 | 2 | 0 | |a marketing |
| 610 | 2 | 0 | |a obchod |
| 610 | 2 | 0 | |a financie |
| 610 | 2 | 0 | |a kvalita |
| 100 | 1 | |a Havlíček, Karel | |